000 00325nam a22001337a 4500
008 190222b xxu||||| |||| 00| 0 eng d
020 _a9781571104069
041 _aeng
080 _a371
100 _a25
101 _aEDU
245 _aWriting through the tween. Supporting writers grades 3-6
_cMorgan, B
942 _2udc
_cBK
999 _c54120
_d54120